Beispielaufgaben der Rechtsfachprüfung für den Auswärtigen Dienst - Statistiken

Allgemein
  • Dieses Quiz wurde 27 mal gespielt
  • Das Durchschnittsergebnis liegt bei 10 aus 25
Antwortstatistiken
Frage Antwort % Korrekt
Eine gemeinsame Absichtserklärung entfaltet lediglich politische Bindungswirkung.
94%
Welche Verfassungen gelten in der Bundesrepublik Deutschland? Grundgesetz des Bundes, Landesverfassungen
81%
Mit welchen rechtlichen Fragen beschäftigte sich der Internationale Strafgerichtshof für das ehemalige Jugoslawien? Verfolgung von Völkermord, Verbrechen gegen die Menschlichkeit und Kriegsverbrechen, die während der bewaffneten Konflikte im Rahmen der Auflösung des ehemaligen Jugoslawiens begangen wurden
81%
Das Vier-Genfer-Abkommen und seine Zusatzprotokolle regeln Teile des humanitären Völkerrechts.
75%
Wie viele Kommissarinnen und Kommissare hat die EU? 28
69%
Nach ständiger Staatspraxis kann der Bundespräsident die Ausfertigung eines Gesetzes verweigern, immer dann wenn er durchgreifende verfassungsrechtliche Zweifel hat, dass das Gesetz formell oder materiell gegen das Grundgesetz verstößt (‚formelles und materielles Prüfungsrecht‘).
69%
„Gemischte Verträge“ sind Verträge, an denen sowohl die EU als auch deren Mitgliedsstaaten beteiligt sind.
56%
Beim Dezember 2018 auf einer zwischenstaatlichen Konferenz in Marrakesch angenommenen „Globalen Pakt für sichere, geordnete und reguläre Migration“ handelt es sich um eine politische Absichtserklärung der Staaten, die keine völkerrechtlichen Verpflichtungen auslöst.
56%
In einem völkerrechtlichen Vertrag unter Beteiligung der Bundesrepublik Deutschland bestimmt die Ratifikationsklausel, ob die Zustimmung der Vertragsstaaten, durch den Vertrag gebunden zu sein, durch Ratifikation erfolgt.
50%
In welchem Grundgesetzartikel ist die Übertragung von Kompetenzen auf die EU geregelt? Art. 23
44%
Bei wie vielen bi- und multilateralen völkerrechtlichen Verträgen ist Deutschland aktuell Vertragspartei? ca. 6.600
44%
Welcher Schutz kann möglichen Anfragen nach dem Informationsfreiheitsgesetz entgegen gehalten werden? der Schutz besonderer öffentlicher Belange und personenbezogener Daten
44%
Was ist der MICT (United Nations Mechanism for International Criminal Tribunals)? Nachfolgetribunal des International Criminal Tribunal for Ruanda (ICTR) und des International Criminal Tribunal for the former Yugoslavia (ICTY)
38%
Das „Lindauer Abkommen“ regelt die Aufteilung der Vertragsschlusskompetenzen zwischen Bund und Ländern.
38%
Ein Staat kann einen Vorbehalt zu einem mehrseitigen (multilateralen) völkerrechtlichen Vertrag bis spätestens zu folgendem Zeitpunkt einlegen: immer bis zu dem Zeitpunkt in dem der Vertrag für den fraglichen Staat seine völkerrechtliche Bindungswirkung entfaltet
31%
Was ist nicht Teil der sogenannten konsularischen Betreuung durch eine deutsche Auslandsvertretung? Vertretung des Inhaftierten in seinem Strafverfahren
31%
Wenn ein amtierender Staats- oder Regierungschef eines anderen Staates Deutschland besucht… genießt er vollumfängliche Immunität vor der deutschen Strafgerichtsbarkeit.
25%
Das Wiener Übereinkommen vom 23.05.1969 über das Recht der Verträge sagt, dass ein Vertrag Vorbehalte verbieten kann.
25%
Der Europäische Gerichtshof für Menschenrechte (EGMR) ist immer dann für Klagen von Einzelpersonen zuständig, bereits immer dann, wenn der verklagte Staat Vertragspartei der EMRK ist.
19%
Im Zusammenhang mit Abstimmungen im Sicherheitsrat bedeutet das sogenannte „double veto“, dass die Frage, ob es sich im Einzelfall um eine materielle oder um eine Verfahrensfrage handelt ebenfalls dem Vetorecht unterliegt.
19%
Ein „radizierter Vertrag“ meint einen völkerrechtlichen Vertrag, der sich auf ein bestimmtes Gebiet bezieht und der im Fall der Staatennachfolge automatisch weiter gilt.
19%
Welcher der folgenden Staaten ist Vertragspartei der Europäischen Menschenrechtskonvention (EMRK)? Aserbaidschan
13%
Der „Internationale Gerichtshof (IGH) in den Haag ist das Hauptrechtssprechungsorgan der Vereinten Nationen für völkerrechtliche Streitigkeiten zwischen den Staaten.
13%
Welchen der folgenden völkerrechtlichen Verträge hat die Bundesrepublik Deutschland ratifiziert? UN-Rassendiskriminierungskonvention
13%
Das völkergewohnheitsrechtlich anerkannte Institut des „Diplomatischen Schutzes“ bezeichnet das Recht eines Staates, seine Staatsangehörigen gegenüber anderen Staaten zu schützen.
0%
Keine übereinstimmenden Quizze gefunden
Verteilung der Resultate
Anzahl Personen mit jedem Resultat
Perzentil nach korrekt beantworteten Fragen
Ihre Resultats-Entwicklung
Sie haben dieses Quiz noch nicht gespielt